Philosophy of Islamic law and the orientalists : (Record no. 20386)

MARC details
000 -LEADER
fixed length control field 00831cam a2200265 i 4500
001 - CONTROL NUMBER
control field 4626682
003 - CONTROL NUMBER IDENTIFIER
control field BDDh-ASL
005 - DATE AND TIME OF LATEST TRANSACTION
control field 20231015025901.0
008 - FIXED-LENGTH DATA ELEMENTS--GENERAL INFORMATION
fixed length control field 790615s1986 ii b 000 0 eng
010 ## - LIBRARY OF CONGRESS CONTROL NUMBER
LC control number 77930892
020 ## - INTERNATIONAL STANDARD BOOK NUMBER
Terms of availability Rs42.50
040 ## - CATALOGING SOURCE
Original cataloging agency DLC
Transcribing agency DLC
Modifying agency DLC
-- MoSU-L
-- BDDh-ASL
050 00 - LIBRARY OF CONGRESS CALL NUMBER
Classification number KB250
Item number .M87 1977
082 00 - DEWEY DECIMAL CLASSIFICATION NUMBER
Classification number 297.09
Item number MUP
100 1# - MAIN ENTRY--PERSONAL NAME
Personal name Muslehuddin, Mohammad,
Dates associated with a name 1913-
245 10 - TITLE STATEMENT
Title Philosophy of Islamic law and the orientalists :
Remainder of title a comparative study of Islamic legal system /
Statement of responsibility, etc. Mohammad Muslehuddin.
260 ## - PUBLICATION, DISTRIBUTION, ETC.
Place of publication, distribution, etc. Delhi :
Name of publisher, distributor, etc. Taj Company,
Date of publication, distribution, etc. [1986]
300 ## - PHYSICAL DESCRIPTION
Extent xvi, 302 p. ;
Dimensions 23 cm.
504 ## - BIBLIOGRAPHY, ETC. NOTE
Bibliography, etc. note Bibliography: p. 297-302.
650 #0 - SUBJECT ADDED ENTRY--TOPICAL TERM
Topical term or geographic name entry element Islamic law.
650 #0 - SUBJECT ADDED ENTRY--TOPICAL TERM
Topical term or geographic name entry element Comparative law.
650 #0 - SUBJECT ADDED ENTRY--TOPICAL TERM
Topical term or geographic name entry element Middle East specialists.
906 ## - LOCAL DATA ELEMENT F, LDF (RLIN)
a 7
b cbc
c orignew
d 3
e ncip
f 19
g y-gencatlg
942 ## - ADDED ENTRY ELEMENTS (KOHA)
Source of classification or shelving scheme Dewey Decimal Classification
Koha item type Books
Holdings
Withdrawn status Lost status Source of classification or shelving scheme Damaged status Not for loan Collection code Home library Current library Shelving location Date acquired Source of acquisition Total Checkouts Full call number Barcode Date last seen Copy number Price effective from Koha item type
    Dewey Decimal Classification     Non-fiction Asiatic Society Library Asiatic Society Library General Stacks 12/31/2020 ASB Collection   297.09 MUP 103823 12/31/2020 C-1 12/31/2020 Books

Powered by Koha